[Event "Eschborn op"]
[Site "Eschborn"]
[Date "2019.08.18"]
[Round "5.33"]
[White "Tietzen, Stefan"]
[Black "Muegendt, Brian Christopher"]
[Result "1-0"]
[WhiteElo "1877"]
[BlackElo "1672"]
[PlyCount "57"]
[EventDate "2019.08.16"]
[EventType "swiss"]
[EventRounds "5"]
[EventCountry "GER"]
[SourceTitle "EXT 2024"]
[Source "ChessBase"]
[SourceDate "2023.10.10"]
[SourceVersion "1"]
[SourceVersionDate "2023.10.10"]
[SourceQuality "1"]

1. e4 e6 2. d4 d5 3. Nc3 dxe4 4. Nxe4 Bd7 5. Nf3 Bc6 6. Bd3 Nf6 7. Bg5 Be7 8. Qe2 0-0 9. 0-0-0 b6 10. h4 h6 11. Bxf6 Bxf6 12. Ne5 Bb7 13. g4 Bxe5 14. dxe5 Qd5 15. Nc3 Qf3 16. Rhg1 Qxe2 17. Bxe2 Na6 18. g5 hxg5 19. Rxg5 Nc5 20. f3 f6 21. exf6 Rxf6 22. Rdg1 Rf7 23. Bc4 Re8 24. Rg6 Ba6 25. Bxa6 Nxa6 26. Ne4 Kf8 27. Ng5 Rfe7 28. Nh7+ Kg8 29. Nf6+ 1-0

[Event "Heusenstamm Schloss op 1st"]
[Site "Heusenstamm"]
[Date "2014.11.21"]
[Round "2"]
[White "Muegendt, Brian Christopher"]
[Black "Eg, Karlheinz"]
[Result "1/2-1/2"]
[WhiteElo "1622"]
[BlackElo "1877"]
[PlyCount "37"]
[EventDate "2014.11.20"]
[EventType "swiss"]
[EventRounds "7"]
[EventCountry "GER"]
[SourceTitle "CBM 163 Extra"]
[Source "ChessBase"]
[SourceDate "2014.12.23"]
[SourceVersion "1"]
[SourceVersionDate "2014.12.23"]
[SourceQuality "1"]

1. e4 e5 2. Nc3 Nc6 3. f4 exf4 4. Nf3 Be7 5. d4 Bh4+ 6. Ke2 d6 7. Bxf4 Bg4 8. h3 Bxf3+ 9. gxf3 Nf6 10. Rg1 Nh5 11. Bh2 0-0 12. Qd2 Qf6 13. Rd1 Rae8 14. Nd5 Rxe4+ 15. fxe4 Qf2+ 16. Kd3 Qxd4+ 17. Ke2 Qf2+ 18. Kd3 Qd4+ 19. Ke2 1/2-1/2

[Event "Karl Mala Memorial op-B 17th"]
[Site "Frankfurt"]
[Date "2014.08.02"]
[Round "4"]
[White "Firinci, Erdem"]
[Black "Muegendt, Brian Christopher"]
[Result "1/2-1/2"]
[WhiteElo "1385"]
[BlackElo "1675"]
[PlyCount "98"]
[EventDate "2014.07.31"]
[EventType "swiss"]
[EventRounds "7"]
[EventCountry "GER"]
[SourceTitle "EXT 2015"]
[Source "ChessBase"]
[SourceDate "2014.11.20"]
[SourceVersion "1"]
[SourceVersionDate "2014.11.20"]
[SourceQuality "1"]

1. e4 c6 2. Nc3 d5 3. exd5 cxd5 4. d4 Nc6 5. Nf3 Bg4 6. Bb5 a6 7. Bxc6+ bxc6 8. 0-0 e6 9. Bf4 Bd6 10. Bxd6 Qxd6 11. h3 h5 12. Qd3 Nf6 13. Ne5 Bf5 14. Qd2 c5 15. Rac1 Rb8 16. b3 Rb4 17. Ne2 Ne4 18. Qe3 f6 19. Nd3 Rb5 20. dxc5 Nxc5 21. Nxc5 Qxc5 22. Nd4 0-0 23. Nxb5 Qxe3 24. fxe3 axb5 25. Rf4 Be4 26. c4 bxc4 27. bxc4 Ra8 28. cxd5 Bxd5 29. Rf2 Ra3 30. Re2 f5 31. Kf2 Kf7 32. Rb2 Kf6 33. g3 g5 34. h4 g4 35. Ke2 Bxa2 36. Kd2 Bd5 37. Rc8 Ra1 38. Rh8 Kg6 39. Rbb8 Rg1 40. Rhg8+ Kf6 41. Rg5 Rxg3 42. Rxh5 Rh3 43. Rh6+ Kg7 44. Rbh8 g3 45. R8h7+ Kg8 46. Rh8+ Kg7 47. R8h7+ Kf8 48. Rc7 Kg8 49. Rg6+ Kf8 1/2-1/2

[Event "Karl Mala Memorial op-B 17th"]
[Site "Frankfurt"]
[Date "2014.08.02"]
[Round "5"]
[White "Muegendt, Brian Christopher"]
[Black "Wenzel, Calvin"]
[Result "1/2-1/2"]
[WhiteElo "1675"]
[BlackElo "1477"]
[PlyCount "109"]
[EventDate "2014.07.31"]
[EventType "swiss"]
[EventRounds "7"]
[EventCountry "GER"]
[SourceTitle "EXT 2015"]
[Source "ChessBase"]
[SourceDate "2014.11.20"]
[SourceVersion "1"]
[SourceVersionDate "2014.11.20"]
[SourceQuality "1"]

1. e4 e5 2. Nc3 Nf6 3. f4 d5 4. fxe5 Nxe4 5. d3 Nxc3 6. bxc3 d4 7. Bb2 dxc3 8. Bxc3 Nc6 9. Nf3 Bg4 10. Be2 Bc5 11. Qd2 0-0 12. 0-0-0 Re8 13. d4 Ba3+ 14. Kb1 Qd5 15. Qd3 Be6 16. Bb2 Qxa2+ 17. Kc1 Qxb2+ 18. Kd2 Bb4+ 19. Ke3 Bg4 20. Rb1 Qc3 21. Qxc3 Bxc3 22. Rxb7 Bxf3 23. Bxf3 Nxd4 24. Rxc7 Nxf3 25. Rxc3 Nxe5 26. Kf4 Rac8 27. Rxc8 Ng6+ 28. Kf3 Rxc8 29. Ra1 Ra8 30. Ra5 Kf8 31. c4 Ke7 32. Ke4 Kd7 33. Kd5 Nf4+ 34. Kc5 Ne6+ 35. Kb5 Nd4+ 36. Ka6 Rc8 37. Rd5+ Ke6 38. Rxd4 Ke5 39. Rd5+ Ke4 40. Rd7 Rxc4 41. Kxa7 Rc2 42. Rxf7 Rxg2 43. Kb6 Ke5 44. h4 Rg4 45. h5 h6 46. Rc7 Kf6 47. Rc8 Rg5 48. Rc6+ Kf7 49. Rc7+ Kg8 50. Kc6 Rxh5 51. Kd6 Kh7 52. Ke6 Kg6 53. Ke7 Rf5 54. Ke6 h5 55. Rxg7+ 1/2-1/2

[Event "Karl Mala Memorial op-B 17th"]
[Site "Frankfurt"]
[Date "2014.08.01"]
[Round "3"]
[White "Muegendt, Brian Christopher"]
[Black "Da Silva Guenther, Tobias"]
[Result "1-0"]
[WhiteElo "1675"]
[BlackElo "1018"]
[PlyCount "107"]
[EventDate "2014.07.31"]
[EventType "swiss"]
[EventRounds "7"]
[EventCountry "GER"]
[SourceTitle "EXT 2015"]
[Source "ChessBase"]
[SourceDate "2014.11.20"]
[SourceVersion "1"]
[SourceVersionDate "2014.11.20"]
[SourceQuality "1"]

1. e4 c5 2. Nc3 e6 3. f4 d6 4. Nf3 Nd7 5. Bb5 a6 6. Bxd7+ Bxd7 7. 0-0 Bc6 8. d3 g6 9. Qe1 Ne7 10. Nh4 f5 11. exf5 gxf5 12. Qxe6 Qd7 13. Qxd7+ Kxd7 14. Be3 Rg8 15. Nf3 Nd5 16. Nxd5 Bxd5 17. g3 Re8 18. Rae1 Bg7 19. Nh4 Rgf8 20. Bc1 Bd4+ 21. Be3 Bxe3+ 22. Rxe3 Rxe3 23. Rf2 Re1+ 24. Rf1 Rxf1+ 25. Kxf1 Bxa2 26. Ke2 Ke6 27. b3 Kd5 28. Kd2 b5 29. Kc3 a5 30. Kb2 Bxb3 31. Kxb3 a4+ 32. Ka3 Kd4 33. Kb2 b4 34. Nf3+ Ke3 35. Ng5 h6 36. Ne6 Rf6 37. Ng7 Kd2 38. Ne8 Re6 39. Ng7 Re1 40. Nxf5 Rc1 41. Nxd6 Rxc2+ 42. Kb1 Kxd3 43. f5 a3 44. f6 Rf2 45. f7 Kc3 46. Ne4+ Kb3 47. Nxf2 a2+ 48. Ka1 c4 49. f8Q c3 50. Qf3 Kc4 51. Qd3+ Kb3 52. Ne4 h5 53. Nc5+ Ka3 54. Qa6# 1-0

[Event "Karl Mala Memorial op-B 16th"]
[Site "Frankfurt"]
[Date "2013.07.14"]
[Round "6"]
[White "Groetzinger, Waldemar"]
[Black "Muegendt, Brian Christopher"]
[Result "1-0"]
[WhiteElo "1697"]
[BlackElo "1516"]
[PlyCount "115"]
[EventDate "2013.07.11"]
[EventType "swiss"]
[EventRounds "7"]
[EventCountry "GER"]
[SourceTitle "CBM 155 Extra"]
[Source "ChessBase"]
[SourceDate "2013.08.26"]
[SourceVersion "1"]
[SourceVersionDate "2013.08.26"]
[SourceQuality "1"]

1. b3 d5 2. e3 e5 3. Bb2 Bd6 4. c4 c6 5. Nc3 Nf6 6. cxd5 Nxd5 7. Nf3 Qe7 8. d4 Nxc3 9. Bxc3 Bb4 10. Qd2 Bxc3 11. Qxc3 e4 12. Nd2 0-0 13. g3 Nd7 14. Bg2 Nf6 15. 0-0 Re8 16. a3 Bf5 17. b4 Qe6 18. Qc2 Bh3 19. Rab1 h5 20. b5 Bxg2 21. Kxg2 h4 22. bxc6 h3+ 23. Kg1 bxc6 24. Rfc1 Rec8 25. Rb4 a5 26. Rb6 Rab8 27. Rcb1 Rxb6 28. Rxb6 Qd5 29. Qb1 Qh5 30. Rb8 Rxb8 31. Qxb8+ Kh7 32. Qb1 Qf5 33. f3 Kh6 34. fxe4 Qg4 35. Qf1 Kg6 36. Qf3 Qxf3 37. Nxf3 Nxe4 38. Ne5+ Kf5 39. Nxc6 a4 40. Ne5 f6 41. Nd3 Nc3 42. Kf2 g5 43. Nc5 Kg4 44. e4 Nb5 45. d5 Nd6 46. Ke3 Nb5 47. Nxa4 Nxa3 48. Nb6 Nb5 49. Nc4 f5 50. Ne5+ Kh5 51. exf5 Nd6 52. g4+ Kh6 53. Kd4 Kg7 54. Kc5 Ne4+ 55. Kc6 Kf8 56. d6 Ke8 57. d7+ Ke7 58. Kc7 1-0

[Event "Hessen-chB"]
[Site "Offenbach"]
[Date "2012.04.05"]
[Round "2"]
[White "Krapf, Walter"]
[Black "Muegendt, Brian Christopher"]
[Result "1-0"]
[WhiteElo "1725"]
[BlackElo "1085"]
[PlyCount "42"]
[EventDate "2012.04.05"]
[EventType "swiss"]
[EventRounds "7"]
[EventCountry "GER"]
[SourceTitle "EXT 2013"]
[Source "ChessBase"]
[SourceDate "2012.11.22"]
[SourceVersion "1"]
[SourceVersionDate "2012.11.22"]
[SourceQuality "1"]

1. d4 d5 2. Nf3 c5 3. e3 e6 4. c4 Nf6 5. Nc3 Nc6 6. cxd5 exd5 7. dxc5 Bxc5 8. Be2 Be6 9. 0-0 0-0 10. Nd4 Nxd4 11. exd4 Be7 12. Qb3 Rb8 13. Bf3 Ne4 14. Bf4 Bd6 15. Bxd6 Qxd6 16. Bxe4 dxe4 17. d5 Bf5 18. Rfe1 Rfe8 19. Qa4 a6 20. Nxe4 Bxe4 21. Rxe4 Qxd5 1-0

[Event "Main Vogelsberg op 6th"]
[Site "Hanau"]
[Date "2011.06.05"]
[Round "6"]
[White "Peschk, Kathrin"]
[Black "Muegendt, Brian Christopher"]
[Result "1-0"]
[WhiteElo "917"]
[BlackElo "1191"]
[PlyCount "107"]
[EventDate "2011.06.02"]
[EventType "swiss"]
[EventRounds "7"]
[EventCountry "GER"]
[SourceTitle "CBM 142 Extra"]
[Source "ChessBase"]
[SourceDate "2011.06.27"]
[SourceVersion "1"]
[SourceVersionDate "2011.06.27"]
[SourceQuality "1"]

1. e4 e5 2. Nf3 Nc6 3. Bc4 Nf6 4. Nc3 Bb4 5. 0-0 h6 6. d3 0-0 7. Be3 d6 8. Qd2 Ng4 9. h3 Nxe3 10. Qxe3 Bc5 11. Qd2 Nd4 12. Nxd4 Bxd4 13. Rab1 c6 14. a4 Be6 15. Bxe6 fxe6 16. Nd1 Bb6 17. b4 Qf6 18. a5 Bc7 19. Ne3 Qf4 20. g3 Qg5 21. Rbe1 d5 22. Qe2 h5 23. h4 Qg6 24. Ng2 d4 25. Rc1 c5 26. Qd2 b6 27. Qe1 Rab8 28. c3 bxa5 29. bxc5 Qe8 30. cxd4 exd4 31. Qd2 e5 32. f4 Qg6 33. Rf3 Qg4 34. Qf2 exf4 35. gxf4 Bxf4 36. Rxf4 Rxf4 37. Qxf4 Qc8 38. Rf1 Qxc5 39. Qf7+ Kh8 40. Rf5 Qc1+ 41. Kh2 Rb6 42. Qe8+ Kh7 43. Rxh5+ Rh6 44. Rxh6+ Qxh6 45. Qf7 Qd2 46. e5 Qxd3 47. e6 Qg6 48. Nf4 Qh6 49. Nh3 Qg6 50. Ng5+ Kh6 51. e7 Qc2+ 52. Kg3 Qc7+ 53. Kg4 Qh2 54. Qh5# 1-0